Responses for Show #7727 - Tuesday, March 27, 2018

Contestants

[<< previous game]

Robert Dimitri, a management and production assistant from Los Angeles, California

Katy Rosati, a communications manager from New York, New York

Johnny Trutor, an instructional technologist from Colchester, Vermont (whose 1-day cash winnings total $14,000)

[next game >>]

Jeopardy! Round responses

ALTERNATIVE AGRICULTURE AT BOWERY FARMS
(Alex: Where they are looking into indoor farming. Interesting subject.)
FRENCH FIRST NAME'S THE SAME
TELEVISION
A BLANK EXPRESSION
BUYING ALASKA
LITERARY CROSSWORD CLUES "M"
    $200 26
pesticides

Katy
    $200 16
Jacques

Johnny
    $200 6
(John) Oliver

Dimitri
    $200 11
conquer

Dimitri
    $200 19
(Alex: 7.2.)

$7 million

Dimitri
    $200 1
a memoir

Katy
    $400 27
(Alex: With less than a minute now.)

germination

Dimitri
    $400 17
Claude

Katy
    $400 7
American Ninja Warrior

Johnny
    $400 12
more

Dimitri
    $400 20
(William) Seward

Dimitri
    $400 2
(Katy: Who is Machiavelli?)

Mephistopheles

KatyDimitri
    $600 28
the Hanging Gardens of Babylon

Katy
    $600 18
Jean-Paul

Dimitri
    $600 8
(Kristen) Bell

Dimitri
    $600 13
unpunished

Katy
    $600 21
the Crimean War

Johnny
    $600 3
a manifesto

Dimitri
    $800 29
hydroponics

Dimitri
    $800 24
Camille

Johnny
    $800 9
Riverdale

Johnny
    $800 14
dead

Katy
    $800 22
salmon

Johnny
    $800 4
a madrigal

Triple Stumper
    $1000 30
victory gardens

Katy
    $1000 25
Simone

Johnny
    $1000 10
The Good Doctor

Katy
    $1000 15
Punch

Johnny
    $1000 23
Peter the Great

Johnny
    $1,000 5
muckrakers

Dimitri

Scores at the first commercial break (after clue 15):

Johnny Katy Dimitri
$2,200 $2,200 $3,400

Scores at the end of the Jeopardy! Round:

Johnny Katy Dimitri
$6,600 $4,400 $5,800

Double Jeopardy! Round responses

ON WITH THE SHOW
ISLANDS
A LITTLE BIRDIE TOLD ME...
THE HISTORY BOOKSHELF
MOVIE TITLES GET RELIGION
SILENT G
    $400 12
(Johnny: Who is Wild Bill... Hickok?)

(Buffalo) Bill Cody

JohnnyKaty
    $400 17
Easter Island

Katy
    $400 19
Tweety Bird

Johnny
    $400 6
1927

Dimitri
    $400 7
saint

Triple Stumper
    $400 1
an ensign

Katy
    $800 13
James Brown

Katy
    $800 18
the Falklands

Dimitri
    $800 25
an eagle

Dimitri
    $800 23
Harvard

Johnny
    $800 8
Priest

Triple Stumper
    $800 2
to gnash

Johnny
    $1200 14
show jumping

Triple Stumper
    $1200 20
the Azores

Katy
    $1200 26
harpies

Dimitri
    $1200 24
the Silk Road

Dimitri
    $1200 9
gods

Johnny
    $1200 3
sovereign

Johnny
    $1600 15
Show Boat

Katy
    $1600 21
(Dimitri: Oh. What is the English Channel?)

the Irish Sea

JohnnyDimitri
    $1600 27
Audubon

Katy
    $2,000 29
the Peloponnesian War

Katy
    $1600 10
The Pope of Greenwich Village

Triple Stumper
    $1600 4
to malign

Johnny
    $2000 16
Renoir

Katy
    $2000 22
Cape Verde

Dimitri
    $1,500 28
(Alex: The Thieving [*]. Less than a minute now.)

a magpie

Katy
    $2000 30
(Johnny: Who are the Jeffersons?)

the Hemings

JohnnyKaty
    $2000 11
The Apostle

Dimitri
    $2000 5
(Katy: What is igneous?)

gneiss

Katy
Triple Stumper

Scores at the end of the Double Jeopardy! Round:

Johnny Katy Dimitri
$11,800 $16,300 $12,600

[wagering suggestions for these scores]

Final Jeopardy! Round responses

1960s NO. 1 SONGS
(Alex: [To Dimitri] "It's A Hard Day's Night" and "Eight Days A Week" were the two hit songs that they came up with.
JohnnyWho are the Rolling Stones
$11,800
DimitriWho are The Beatles?
$11,001
KatyWho are The Beatles?
$3,000
The Beatles

Final scores:

Johnny Katy Dimitri
$0 $19,300 $23,601
3rd place: $1,000 2nd place: $2,000 New champion: $23,601

Game dynamics:

Coryat scores:

Johnny Katy Dimitri
$11,800 $16,400 $12,600
16 R,
2 W
19 R
(including 2 DDs),
2 W
19 R
(including 1 DD),
1 W

Combined Coryat: $40,800

[game clues] [game scores] [suggest correction]

Game tape date: 2018-01-16
The J! Archive is created by fans, for fans. Scraping, republication, monetization, and malicious use prohibited; this site may use cookies and collect identifying information. See terms. The Jeopardy! game show and all elements thereof, including but not limited to copyright and trademark thereto, are the property of Jeopardy Productions, Inc. and are protected under law. This website is not affiliated with, sponsored by, or operated by Jeopardy Productions, Inc. Join the discussion at JBoard.tv.